Klicke die Landkreise von Niedersachsen auf einer Karte - Statistiken

Allgemein
  • Dieses Quiz wurde 388 mal gespielt
  • Das Durchschnittsergebnis liegt bei 32 aus 45
Antworten auf der Karte
Die Antworten werden auf der Karte rot bzw. grün angezeigt, abhängig davon wie oft sie richtig erraten wurden.
 
Antwortstatistiken
Antwort % Korrekt
Stadt Oldenburg
85%
Region Hannover
82%
Stadt Osnabrück
82%
Emsland
81%
Landkreis Osnabrück
81%
Cuxhaven
80%
Göttingen
78%
Stade
77%
Wilhelmshaven
76%
Wolfsburg
76%
Hildesheim
75%
Wittmund
75%
Delmenhorst
74%
Emden
74%
Wesermarsch
74%
Aurich
73%
Lüchow-Dannenberg
73%
Celle
72%
Cloppenburg
72%
Grafschaft Bentheim
72%
Heidekreis
72%
Friesland
71%
Leer
71%
Osterholz
71%
Rotenburg (Wümme)
71%
Harburg
69%
Helmstedt
69%
Landkreis Oldenburg
69%
Lüneburg
69%
Uelzen
69%
Verden
68%
Nienburg/Weser
67%
Ammerland
66%
Braunschweig
66%
Diepholz
66%
Hameln-Pyrmont
66%
Peine
65%
Schaumburg
65%
Vechta
65%
Wolfenbüttel
63%
Gifhorn
62%
Goslar
61%
Salzgitter
61%
Northeim
59%
Holzminden
58%
Keine übereinstimmenden Quizze gefunden
Verteilung der Resultate
Anzahl Personen mit jedem Resultat
Perzentil nach korrekt beantworteten Fragen
Ihre Resultats-Entwicklung
Sie haben dieses Quiz noch nicht gespielt